Bài ca sư phạm; T2

Сохранить в:
Библиографические подробности
Главный автор: Bài ca sư phạm; T2
Формат:
Язык:Undetermined
Опубликовано: Hà Nội Văn Hóa 1962
Предметы:
Метки: Добавить метку
Нет меток, Требуется 1-ая метка записи!
Thư viện lưu trữ: Trung tâm Học liệu Trường Đại học Cần Thơ
LEADER 00510nam a2200169Ia 4500
001 CTU_15896
008 210402s9999 xx 000 0 und d
082 |a 891.734 
082 |b M235/T2 
100 |a Bài ca sư phạm; T2 
245 0 |a Bài ca sư phạm; T2 
245 0 |c Bài ca sư phạm; T2, A Makarenko; Dịch giả: Hướng Minh 
260 |a Hà Nội 
260 |b Văn Hóa 
260 |c 1962 
650 |a russian fiction 
980 |a Trung tâm Học liệu Trường Đại học Cần Thơ